| 000 | 02578nam a2200421 i 4500 | ||
|---|---|---|---|
| 001 | in902905950 | ||
| 003 | Ingram | ||
| 005 | 20250402093941.0 | ||
| 008 | 241121s2024 nyua d 6 000 0 eng d | ||
| 010 | _a 2024932124 | ||
| 020 |
_a9781637154946 _q(paperback) |
||
| 035 | _a(OCoLC)1425796634 | ||
| 040 |
_aTnLvILS _beng _erda _cTnLvILS _dTnLvILS |
||
| 050 | 4 |
_aPZ7.7.L3443 _bNi 2024 v. 1 |
|
| 082 | 0 | 4 |
_a741.5/973 _223 |
| 100 | 1 |
_aLambert, Jeremy, _d1989- _eauthor. _96542103 |
|
| 245 | 1 | 4 |
_aThe night mother. _nVolume one / _cJeremy Lambert (author) ; Alexa Sharpe (illustrator) ; Becca Carey. |
| 246 | 3 |
_aNight mother. _nVol. 1 |
|
| 264 | 1 |
_a[New York] : _bOni Press, _c2024. |
|
| 300 |
_a88 pages : _bchiefly color illustrations ; _c25 cm |
||
| 336 | _atext | ||
| 337 | _aunmediated | ||
| 338 | _avolume | ||
| 521 | 8 | _aAges 13 to 17. | |
| 520 | _a"The moon is stuck like a broken clock in the midnight sky, the sun a distant memory. No one in this quiet seaside town can remember how long this unnatural darkness has lasted. No one, that is, except for the curious girl who lives in the graveyard, caring for the dead: twelve-year-old Madeline Tock. In gratitude, the departed whisper their worries to her, sounding just like her overprotective but loving father: beware this endless night and she who causes it. Because there's someone else who can hear the whispers, too...someone whose gown is a map of the cosmos, hair a tangled constellation, eyes like the lights of farawa stars. The Night Mother. Her elemental duty is to gather the souls of the dead in her lantern, then send them to their eternal rest as beautiful moonlight. But when her hunger for power drives her to take souls from the living, Madeline bravely stands up to defend her town and those she loves. Can Madeline help bring back the sun, or will she be lured by the starry promises of this mysterious woman?"--Provided by publisher. | ||
| 588 |
_aDescription based on publisher data. _5TnLvILS |
||
| 650 | 0 |
_aMoon _vComic books, strips, etc. _96542104 |
|
| 650 | 0 |
_aNight _vComic books, strips, etc. _96436137 |
|
| 650 | 0 |
_aAvarice _vComic books, strips, etc. _96542105 |
|
| 650 | 0 |
_aGood and evil _vComic books, strips, etc. _95689272 |
|
| 650 | 1 |
_aMoon _vFiction. _95759488 |
|
| 650 | 1 |
_aNight _vFiction. _95685955 |
|
| 650 | 1 |
_aGreed _vFiction. _95702134 |
|
| 650 | 1 |
_aGood and evil _vFiction. _95674230 |
|
| 655 | 7 |
_aGraphic novels. _2lcgft |
|
| 700 | 1 |
_aSharpe, Alexa, _eillustrator. _96542106 |
|
| 700 | 1 |
_aCarey, Becca, _eartist. _96444465 |
|
| 999 |
_c406355 _d406355 |
||